000 00527nam a2200181Ia 4500
005 20250508152538.0
008 008 250505s9999 xx 000 0 eng d
037 _aTextual
040 _aFEDL
_beng
_cFEDL
041 _aeng
_2eng
084 _a291.62, FRA
_qFEDL
100 _aFrazer James George
245 0 _aGolden bough : A study in magic and religion. Vol 2
260 _aLondon, UK
_bMacmillan and Co. Ltd.
_c1957
300 _aviii,971p.
942 _cTEXL
_h291.62, FRA
999 _c1337141
_d1337141